000 00523nam a2200181Ia 4500
005 20230318140838.0
008 230125s9999 xx 000 0 und d
041 _aeng
082 _a658.8
_bGHA
100 _aGharpurey M
_9115783
245 _aMarketing Management : Principles and Concepts
260 _c2004
_bSymbiosis centre for distance learning
_aPune
300 _a248p
500 _aMarketing Management
650 _aMarketing Management
700 _aGharpurey M & Nandini Madan, Donor
_9115784
942 _cBK
999 _c93590
_d93590